| 000 | 00803nam a2200229 4500 | ||
|---|---|---|---|
| 001 | 148253 | ||
| 003 | ES-MaACL | ||
| 005 | 20250822041626.0 | ||
| 007 | t| | ||
| 008 | 070214s1963 sp r ||||1| spa d | ||
| 100 | 1 |
_aStark, Werner. _9107928 |
|
| 245 | 1 | 0 |
_aSociología del conocimiento _b: (el pensamiento sociológico en la historia de las ideas) / _cWerner Stark ; versión española de Joaquín Mezquita López. |
| 260 |
_aMadrid : _bMorata, _c1963. |
||
| 300 |
_a485 p. ; _c23 cm. |
||
| 490 | 1 | _aFilosofía, psicología, pedagogía | |
| 650 | 4 |
_aSociología del conocimiento. _917211 |
|
| 650 | 4 |
_aEpistemología. _912338 |
|
| 700 | 1 |
_aMezquita López, Joaquín. _980834 |
|
| 830 | 1 | 0 |
_aFilosofía, psicología, pedagogía _9181408 |
| 852 |
_aES-MaACL _jC-23668 |
||
| 999 |
_c148253 _d148253 |
||